| 000 | 00719cam a2200193 4500 | ||
|---|---|---|---|
| 008 | 000000n2000 000 0 eng u | ||
| 035 | _a(Sirsi) u104786 | ||
| 100 | _aHemsley, A. | ||
| 245 | _aHow to lose before you start | ||
| 260 | _c2000 | ||
| 490 |
_aBuilding _v256(8127) 10 March 2000, 73(1) |
||
| 520 | _aAlthough the Construction Act's payments rules have been overshadowed by adjudication, together they make a powerful weapon for contractors to use against clients. | ||
| 590 | _aABS | ||
| 650 | _aHOUSING GRANTS, CONSTRUCTION AND REGENERATION ACT 1996 | ||
| 650 | _aPAYMENT PROVISIONS | ||
| 650 | _aBUILT ENVIRONMENT-BUILDING CONTRACT FORMS | ||
| 690 | _aBUILDING AND CONSTRUCTION-LAW | ||
| 942 | _n0 | ||
| 999 |
_c62869 _d62869 |
||